LIBRARY ONLINE CATALOGUE

Organizational behavior : (Record no. 1100)

MARC details
000 -LEADER
fixed length control field 00717cam a22002172 4500
001 - CONTROL NUMBER
control field 0000019511
005 - DATE AND TIME OF LATEST TRANSACTION
control field 20151021151134.0
008 - FIXED-LENGTH DATA ELEMENTS--GENERAL INFORMATION
fixed length control field 110105s xx 000 0 eng d
020 ## - INTERNATIONAL STANDARD BOOK NUMBER
International Standard Book Number 0324322422 :
040 ## - CATALOGING SOURCE
Original cataloging agency KABU
Transcribing agency KABU
100 1# - MAIN ENTRY--PERSONAL NAME
Personal name Nelson, Debra L.
-- 0000179244
245 10 - TITLE STATEMENT
Title Organizational behavior :
Remainder of title foundations, realities & challenges /
Statement of responsibility, etc. Debra L. Nelson, James Campbell Quick.
250 ## - EDITION STATEMENT
Edition statement 5th ed.
260 ## - PUBLICATION, DISTRIBUTION, ETC. (IMPRINT)
Place of publication, distribution, etc. Mason, OH :
Name of publisher, distributor, etc. Thomson,
Date of publication, distribution, etc. 2006.
300 ## - PHYSICAL DESCRIPTION
Extent 1 v. (various pagings) ;
650 #0 - SUBJECT ADDED ENTRY--TOPICAL TERM
Topical term or geographic name as entry element Organizational behavior.
-- 0000150790
700 1# - ADDED ENTRY--PERSONAL NAME
Personal name Quick, James Campbell.
-- 0000179245
852 1# - LOCATION
-- p4390 KES
908 ## - PUT COMMAND PARAMETER (RLIN)
Put command parameter 110105
950 ## - LOCAL HOLDINGS (RLIN)
-- 1
Holdings
Withdrawn status Lost status Source of classification or shelving scheme Not for loan Home library Current library Date acquired Total Checkouts Full call number Barcode Date last seen Price effective from Koha item type Total Renewals Date last checked out
    Library of Congress Classification   Kabarak, Main Campus Kabarak, Main Campus 17/12/2015 8 HD58.7 .N45 2006 c.1 23154 02/08/2024 17/12/2015 General Collection 1 23/07/2018
    Library of Congress Classification   Kabarak, Nakuru City Campus Kabarak, Nakuru City Campus 21/10/2015   HD58.7 .N45 2006 c.1 23153 21/10/2015 21/10/2015 General Collection